| 000 | 00909cam a2200301 i 4500 | ||
|---|---|---|---|
| 999 |
_c232557 _d232557 |
||
| 001 | 1296050 | ||
| 003 | Nust | ||
| 005 | 20170220201427.0 | ||
| 008 | 761216s1976 enkb 000 1 eng | ||
| 010 | _a 76382504 | ||
| 015 | _aGB*** | ||
| 020 |
_a9780007234769 _c£3.95 |
||
| 040 |
_aDLC _cDLC _dDLC |
||
| 050 | 0 | 0 |
_aPZ4.H6367 _bSt _aPR6058.I343 |
| 082 | 0 | 0 |
_a823.914 _bHIG |
| 100 | 1 |
_aHiggins, Jack, _d1929- |
|
| 245 | 1 | 0 |
_aStorm warning / _cJack Higgins. |
| 260 |
_aLondon : _bCollins, _c1976. |
||
| 300 |
_a483 p. : _bmap ; _c22 cm. |
||
| 650 | 0 |
_aWorld War, 1939-1945 _xFiction. |
|
| 650 | 0 |
_aGermans _zBrazil _xFiction. |
|
| 650 | 0 |
_aSailing _xFiction. |
|
| 651 | 0 |
_aAtlantic Ocean _xFiction. |
|
| 651 | 0 |
_aBrazil _xFiction. |
|
| 655 | 7 |
_aWar stories. _2gsafd |
|
| 655 | 7 |
_aSea stories. _2lcsh |
|
| 906 |
_a7 _bcbc _corignew _d3 _encip _f19 _gy-gencatlg |
||
| 942 |
_2ddc _cBK |
||